| 000 | 00431nam a22001817a 4500 | ||
|---|---|---|---|
| 003 | CEME | ||
| 005 | 20210628202738.0 | ||
| 008 | 210125b xxu||||| |||| 00| 0 eng d | ||
| 020 | _a81-7141-830-9 | ||
| 040 | _c. | ||
| 082 | _a515 SHA | ||
| 100 |
_aSharma, A.K _98820 |
||
| 245 | _aAdvanced analysis -ii | ||
| 260 |
_aNEW DELHI _bDISCOVERY _c2004 |
||
| 300 | _a428 P | ||
| 650 |
_aADVANCED ANALYSIS. _961392 |
||
| 942 |
_cBK _2ddc |
||
| 999 |
_c570861 _d570861 |
||